[Event "Panevezys Elite Open 2019"]
[Site "Panevezys"]
[Date "2019.06.28"]
[Round "7.3"]
[White "Laurusas, Tomas"]
[Black "Stremavicius, Titas"]
[Result "1/2-1/2"]
[WhiteElo "2507"]
[BlackElo "2477"]
[Annotator "RC"]
[PlyCount "154"]
[EventDate "2019.06.24"]
[EventType "swiss"]
[EventCountry "LTU"]
[SourceTitle "playchess.com"]
[Source "ChessBase"]
[SourceQuality "1"]
[TimeControl "40/5400+30:1800+30"]

1. Nf3 {[%emt 0:00:00]} d5 {[%emt 0:00:45]} 2. g3 {[%emt 0:00:00]} Nf6 {[%emt 0:00:18]} 3. Bg2 {[%emt 0:00:00]} e6 {[%emt 0:00:25]} 4. O-O {[%emt 0:00:05]} b5 {[%emt 0:06:52]} 5. b3 {[%emt 0:03:41]} c6 {[%emt 0:04:48]} 6. Bb2 {[%emt 0:05:09]} Be7 {[%emt 0:08:19]} 7. d3 {[%emt 0:10:34]} a5 {[%emt 0:04:02]} 8. e4 {[%emt 0:08:56]} O-O {[%emt 0:04:35]} 9. Nbd2 {[%emt 0:02:33]} a4 {[%emt 0:02:45]} 10. c4 a3 {[%emt 0:08:12]} 11. Bd4 {[%emt 0:12:59]} c5 {[%emt 0:14:14]} 12. Bxf6 {[%emt 0:07:13]} Bxf6 {[%emt 0:00:12]} 13. e5 {[%emt 0:00:16]} Be7 {[%emt 0:00:14]} 14. d4 bxc4 {[%emt 0:26:03]} 15. bxc4 {[%emt 0:04:21]} Ba6 {[%emt 0:00:07]} 16. dxc5 {[%emt 0:01:41]} Bxc5 {[%emt 0:03:20]} 17. Qc2 {[%emt 0:01:26]} Nd7 {[%emt 0:00:59]} 18. Rfd1 {[%emt 0:09:52]} Qc7 {[%emt 0:01:08]} 19. Rac1 {[%emt 0:01:13]} Rac8 {[%emt 0:02:39]} 20. Ng5 {[%emt 0:05:56]} g6 {[%emt 0:00:03]} 21. Qa4 {[%emt 0:00:16]} Qa7 {[%emt 0:00:21]} 22. cxd5 {[%emt 0:00:06]} Bxf2+ {[%emt 0:00:07]} 23. Kh1 {[%emt 0:00:05]} Rxc1 {[%emt 0:01:51]} 24. Rxc1 {[%emt 0:00:07]} Be3 {[%emt 0:02:16]} 25. Qh4 {[%emt 0:02:52]} h5 {[%emt 0:01:47]} 26. dxe6 {[%emt 0:03:19]} Bxd2 {[%emt 0:02:37]} 27. Rd1 {[%emt 0:10:43]} Qe3 {[%emt 0:00:08]} 28. exf7+ {[%emt 0:00:25]} Kh8 {[%emt 0:00:14]} 29. e6 {[%emt 0:00:14]} Nf6 {[%emt 0:02:58]} 30. Ne4 {[%emt 0:09:33]} g5 {[%emt 0:00:28]} 31. e7 {[%emt 0:00:38]} Rxf7 {[%emt 0:00:46]} 32. e8=Q+ {[%emt 0:01:12]} Nxe8 {[%emt 0:00:13]} 33. Qxh5+ {[%emt 0:00:03]} Kg7 {[%emt 0:00:16]} 34. Nxd2 {[%emt 0:00:03]} Be2 {[%emt 0:02:21]} 35. Re1 {[%emt 0:00:01]} Bxh5 {[%emt 0:00:34]} 36. Rxe3 {[%emt 0:00:02]} Rf2 {[%emt 0:00:30]} 37. Rd3 {[%emt 0:00:45]} Bg6 {[%emt 0:00:21]} 38. Rd4 {[%emt 0:01:41]} Re2 {[%emt 0:00:36]} 39. Kg1 {[%emt 0:00:47]} Bf7 {[%emt 0:00:33]} 40. Kf1 {[%emt 0:00:26]} Re5 {[%emt 0:00:15]} 41. Ra4 {[%emt 0:09:21]} Bxa2 {[%emt 0:02:30]} 42. Rxa3 {[%emt 0:04:25]} Bf7 {[%emt 0:00:22]} 43. Kf2 {[%emt 0:01:33]} Rf5+ {[%emt 0:01:05]} 44. Ke3 {[%emt 0:01:12]} Nf6 {[%emt 0:00:24]} 45. Be4 {[%emt 0:02:05]} Rb5 {[%emt 0:03:27]} 46. h3 {[%emt 0:00:47]} Be6 {[%emt 0:04:17]} 47. Ra7+ {[%emt 0:00:08]} Kf8 {[%emt 0:00:42]} 48. g4 {[%emt 0:00:49]} Bd5 {[%emt 0:02:39]} 49. Bd3 {[%emt 0:03:06]} Rb4 {[%emt 0:02:26]} 50. Nf3 {[%emt 0:00:49]} Bxf3 {[%emt 0:01:34]} 51. Kxf3 {[%emt 0:00:03]} Rb3 {[%emt 0:00:36]} 52. Ke3 {[%emt 0:00:21]} Nd5+ {[%emt 0:00:07]} 53. Ke4 {[%emt 0:01:21]} Nf4 {[%emt 0:00:38]} 54. Bc4 {[%emt 0:00:06]} Rb4 {[%emt 0:02:08]} 55. Rc7 {[%emt 0:00:06]} Nxh3 {[%emt 0:01:22]} 56. Kf5 {[%emt 0:00:11]} Ke8 {[%emt 0:00:26]} 57. Be6 {[%emt 0:02:12]} Rf4+ {[%emt 0:03:21]} 58. Kg6 {[%emt 0:00:17]} Rf2 {[%emt 0:02:30]} 59. Bf5 {[%emt 0:00:54]} Kd8 {[%emt 0:05:06]} 60. Rd7+ {[%emt 0:01:10]} Ke8 {[%emt 0:00:01]} 61. Rh7 {[%emt 0:00:14]} Nf4+ {[%emt 0:00:34]} 62. Kxg5 {[%emt 0:00:43]} Nd5 {[%emt 0:00:17]} 63. Kg6 {[%emt 0:02:04]} Re2 {[%emt 0:01:40]} 64. Rh8+ {[%emt 0:02:47]} Ke7 {[%emt 0:00:02]} 65. Ra8 {[%emt 0:00:08]} Rf2 {[%emt 0:03:17]} 66. Ra7+ {[%emt 0:01:15]} Kd6 {[%emt 0:00:13]} 67. Ra6+ {[%emt 0:01:47]} Ke7 {[%emt 0:00:28]} 68. Kg7 {[%emt 0:00:49]} Re2 {[%emt 0:00:59]} 69. Ra7+ {[%emt 0:00:55]} Kd6 {[%emt 0:00:02]} 70. Ra6+ {[%emt 0:01:14]} Ke7 {[%emt 0:00:02]} 71. Kh6 {[%emt 0:00:52]} Rh2+ {[%emt 0:00:41]} 72. Kg6 {[%emt 0:00:05]} Re2 {[%emt 0:01:29]} 73. g5 {[%emt 0:02:39]} Nf4+ {[%emt 0:00:08]} 74. Kh6 {[%emt 0:00:04]} Rh2+ {[%emt 0:00:48]} 75. Kg7 {[%emt 0:00:04]} Rh5 {[%emt 0:00:27]} 76. Ra7+ {[%emt 0:00:10]} Kd6 {[%emt 0:00:11]} 77. Rd7+ {[%emt 0:00:29]} Ke5 {[%emt 0:00:32]} 1/2-1/2

[Event "Panevezys Elite Open 2019"]
[Site "Panevezys"]
[Date "2019.06.28"]
[Round "7.4"]
[White "Sulskis, Sarunas"]
[Black "Krykun, Yuriy"]
[Result "1/2-1/2"]
[WhiteElo "2528"]
[BlackElo "2342"]
[Annotator "ChessBase"]
[PlyCount "85"]
[EventDate "2019.06.24"]
[EventType "swiss"]
[EventCountry "LTU"]
[SourceTitle "playchess.com"]
[Source "ChessBase"]
[SourceQuality "1"]
[TimeControl "40/5400+30:1800+30"]

1. e4 {[%emt 0:00:00]} e5 {[%emt 0:00:44]} 2. Nf3 {[%emt 0:00:00]} Nc6 {[%emt 0:00:06]} 3. Bb5 {[%emt 0:00:00]} a6 {[%emt 0:00:45]} 4. Ba4 {[%emt 0:00:04]} Nf6 {[%emt 0:00:04]} 5. Qe2 {[%emt 0:00:26]} b5 {[%emt 0:02:15]} 6. Bb3 {[%emt 0:00:06]} Bc5 {[%emt 0:00:08]} 7. c3 {[%emt 0:00:57]} O-O {[%emt 0:05:12]} 8. d3 {[%emt 0:00:38]} d5 {[%emt 0:05:42]} 9. exd5 {[%emt 0:26:07]} Nxd5 {[%emt 0:00:30]} 10. Qe4 {[%emt 0:02:59]} Nde7 {[%emt 0:04:17]} 11. Bg5 {[%emt 0:07:11]} Bf5 {[%emt 0:06:32]} 12. Qxf5 {[%emt 0:01:23]} Nxf5 {[%emt 0:01:34]} 13. Bxd8 {[%emt 0:00:07]} Raxd8 {[%emt 0:06:14]} 14. Nbd2 {[%emt 0:00:05]} g6 {[%emt 0:02:14]} 15. Ke2 {[%emt 0:01:52]} Kg7 {[%emt 0:01:20]} 16. a4 Bb6 {[%emt 0:12:22]} 17. h4 {[%emt 0:06:11]} h6 {[%emt 0:00:53]} 18. axb5 {[%emt 0:12:56]} axb5 {[%emt 0:00:03]} 19. Ne4 {[%emt 0:00:20]} Nd6 20. Nxd6 {[%emt 0:08:01]} Rxd6 {[%emt 0:01:30]} 21. g4 {[%emt 0:06:03]} Re8 {[%emt 0:14:29]} 22. Bc2 {[%emt 0:02:12]} Nd8 {[%emt 0:00:11]} 23. Ra8 {[%emt 0:01:41]} Re7 {[%emt 0:00:24]} 24. Nd2 {[%emt 0:02:13]} Ne6 {[%emt 0:02:02]} 25. Ne4 {[%emt 0:00:36]} Rd8 {[%emt 0:00:35]} 26. Rxd8 {[%emt 0:04:25]} Nxd8 {[%emt 0:00:02]} 27. g5 {[%emt 0:00:24]} Ne6 {[%emt 0:04:14]} 28. Kf3 {[%emt 0:01:00]} c6 {[%emt 0:03:07]} 29. Bb3 {[%emt 0:02:43]} Nc5 {[%emt 0:01:04]} 30. Nxc5 {[%emt 0:03:59]} Bxc5 {[%emt 0:00:07]} 31. Ra1 {[%emt 0:00:18]} hxg5 {[%emt 0:02:13]} 32. hxg5 {[%emt 0:00:06]} Ra7 {[%emt 0:02:18]} 33. Rxa7 {[%emt 0:02:26]} Bxa7 {[%emt 0:00:07]} 34. Kg3 {[%emt 0:00:13]} Bc5 {[%emt 0:04:08]} 35. Bd1 {[%emt 0:00:58]} b4 {[%emt 0:02:27]} 36. Ba4 {[%emt 0:02:00]} bxc3 {[%emt 0:00:05]} 37. bxc3 {[%emt 0:00:03]} Be7 {[%emt 0:00:03]} 38. f4 {[%emt 0:01:31]} exf4+ {[%emt 0:01:14]} 39. Kxf4 {[%emt 0:00:17]} c5 {[%emt 0:00:03]} 40. Bb3 {[%emt 0:01:43]} f6 {[%emt 0:00:09]} 41. gxf6+ {[%emt 0:31:05]} Bxf6 {[%emt 0:30:02]} 42. Bd5 {[%emt 0:00:22]} Bxc3 {[%emt 0:00:04]} 43. Kg4 1/2-1/2

[Event "Panevezys Elite Open 2019"]
[Site "Panevezys"]
[Date "2019.06.28"]
[Round "7.5"]
[White "Gleizerov, Evgeny"]
[Black "Krivonosov, Oleg"]
[Result "1/2-1/2"]
[WhiteElo "2495"]
[BlackElo "2411"]
[Annotator "ChessBase"]
[PlyCount "29"]
[EventDate "2019.06.24"]
[EventType "swiss"]
[EventCountry "LTU"]
[SourceTitle "playchess.com"]
[Source "ChessBase"]
[SourceQuality "1"]
[TimeControl "40/5400+30:1800+30"]

1. d4 {[%emt 0:00:00]} d5 {[%emt 0:00:00]} 2. c4 {[%emt 0:00:30]} e6 {[%emt 0:00:30]} 3. Nf3 {[%emt 0:00:30]} Nf6 {[%emt 0:00:30]} 4. g3 {[%emt 0:00:30]} Bb4+ {[%emt 0:00:30]} 5. Nc3 {[%emt 0:00:30]} O-O {[%emt 0:01:28]} 6. Bg2 {[%emt 0:00:30]} c6 {[%emt 0:05:55]} 7. Qb3 {[%emt 0:03:33]} a5 {[%emt 0:01:57]} 8. a3 {[%emt 0:05:43]} Be7 {[%emt 0:02:10]} 9. O-O {[%emt 0:02:12]} Nbd7 {[%emt 0:08:49]} 10. Rd1 {[%emt 0:13:14]} a4 {[%emt 0:12:19]} 11. Qa2 {[%emt 0:10:16]} Qa5 {[%emt 0:07:28]} 12. Nd2 {[%emt 0:02:35]} b5 {[%emt 0:04:15]} 13. cxb5 {[%emt 0:00:31]} cxb5 {[%emt 0:00:30]} 14. e4 {[%emt 0:00:30]} Nb6 {[%emt 0:01:57]} 15. e5 {[%emt 0:04:53]} 1/2-1/2

[Event "Panevezys Elite Open 2019"]
[Site "Panevezys"]
[Date "2019.06.28"]
[Round "7.6"]
[White "Kubicka, Anna"]
[Black "Ulybin, Mikhail"]
[Result "0-1"]
[WhiteElo "2162"]
[BlackElo "2474"]
[Annotator "TA"]
[PlyCount "110"]
[EventDate "2019.06.24"]
[EventType "swiss"]
[EventCountry "LTU"]
[SourceTitle "playchess.com"]
[Source "ChessBase"]
[SourceQuality "1"]

{[%evp 17,110,-46,-23,-30,-2,-37,-4,-11,-7,-19,-14,-80,-76,-81,-90,-73,-79,-72,-84,-91,-99,-92,-104,-105,-105,-107,-102,-109,-117,-108,-108,-110,-60,-60,-60,-60,-67,-100,-59,-73,-64,-96,-97,-102,-104,-95,-106,-147,-120,-138,-144,-211,-220,-207,-179,-230,-228,-276,-279,-425,-420,-350,-328,-311,-293,-263,-243,-431,-420,-627,-608,-575,-475,-1851,-1637,-1640,-1561,-1391,-1390,-6111,-5090,-2566,-2191,-29980,-29981,-29981,-29982,-29981,-29981,-29981,-29982,-29983,-29983,-29974,-8879]} 1. d4 e6 2. c4 Nf6 3. Nc3 Bb4 4. Qc2 c5 5. dxc5 O-O 6. Nf3 Na6 7. a3 Bxc3+ 8. Qxc3 Nxc5 9. e3 a5 10. b3 {E39: Nimzo-Indian: Classical: 4...c5 5 dxc5 0-0} b6 11. Be2 Ba6 12. O-O {The position is equal.} d5 13. a4 $146 ({Predecessor:} 13. Nd2 Rc8 14. f3 dxc4 15. bxc4 Nd5 16. Qd4 Ne7 17. Qc3 Qc7 {0-1 (45) Kogan,B-Seirawan,Y (2555) South Bend 1981}) 13... dxc4 14. Bxc4 (14. bxc4 $11 {remains equal.} Nfe4 15. Qc2) 14... Nfe4 $17 15. Qc2 Bxc4 16. Qxc4 Qd3 17. Qxd3 Nxd3 18. Nd4 Rfc8 19. f3 Nc3 $1 {aiming for ...e5.} 20. Ba3 g6 21. f4 Ra7 22. h3 Rd7 23. Kh2 h5 24. Rg1 Nd5 25. Rgd1 Nf2 26. Rdc1 Rdc7 27. Nb5 Rc2 28. Nd4 R2c3 29. Nb5 Rxc1 30. Rxc1 Rxc1 31. Bxc1 {[%mdl 4096] Endgame KBN-KNN} Nd3 32. Bd2 {[#]} Nc5 $1 33. Nd4 {[#]} f6 $1 34. Bc1 (34. g4 $17 {was worth a try.}) 34... e5 $19 35. fxe5 fxe5 36. Nf3 (36. Nb5 $142) 36... Nxb3 37. Ba3 e4 ({Not} 37... Nxe3 38. Nxe5 Kg7 39. g4 $17) 38. Ng5 (38. Ne5 {is the only way for White.}) 38... Nc3 39. Bd6 Nc5 40. Bxc5 bxc5 {KN-KN} 41. Kg3 c4 ({Weaker is} 41... Nxa4 42. Nxe4 Kf8 43. Nd6 $17) 42. Kf2 $2 (42. Kf4) 42... Kg7 43. Ne6+ (43. Ke1 $142 Kf6 44. Kd2 Nxa4 45. Nxe4+ Ke5 46. Ng5) 43... Kf6 44. Nc5 {intending Nd7+.} Ke5 45. Nb7 (45. Ke1 $142 Kd5 46. Nd7) 45... Kd5 46. Nxa5 Nxa4 47. Ke2 c3 48. Nb3 Kc4 49. Nd4 h4 50. Nc6 Kb3 {Black mates.} 51. Na5+ Kb2 52. Nc4+ Kc1 53. Nd6 c2 54. Nxe4 Kb1 55. Nd2+ Ka2 {Accuracy: White = 48%, Black = 81%.} (55... Kb2 $142 56. Nc4+ Kc3 57. Na3 c1=Q 58. Nb5+ Kb4 59. g3 hxg3 60. Kf3 Kxb5 61. Kg2 Qxe3 62. h4 Qf2+ 63. Kh3 g2 64. h5 g1=Q 65. hxg6 Qfh2#) 0-1

[Event "Panevezys Elite Open 2019"]
[Site "Panevezys"]
[Date "2019.06.28"]
[Round "7.7"]
[White "Cholleti Sahajasri"]
[Black "Badelka, Olga"]
[Result "0-1"]
[WhiteElo "2207"]
[BlackElo "2391"]
[Annotator "NA"]
[PlyCount "74"]
[EventDate "2019.06.24"]
[EventType "swiss"]
[EventCountry "LTU"]
[SourceTitle "playchess.com"]
[Source "ChessBase"]
[SourceQuality "1"]
[TimeControl "40/5400+30:1800+30"]

1. Nf3 {[%emt 0:06:49]} d5 {[%emt 0:00:00]} 2. d4 {[%emt 0:00:22]} Nf6 {[%emt 0:00:03]} 3. c4 {[%emt 0:00:31]} e6 {[%emt 0:00:07]} 4. g3 {[%emt 0:00:38]} dxc4 {[%emt 0:00:26]} 5. Qa4+ {[%emt 0:05:19]} Nbd7 {[%emt 0:00:14]} 6. Qxc4 {[%emt 0:00:26]} c5 {[%emt 0:02:26]} 7. Bg2 {[%emt 0:09:52]} cxd4 {[%emt 0:03:36]} 8. Qxd4 {[%emt 0:03:01]} Bc5 {[%emt 0:00:22]} 9. Qd1 {[%emt 0:02:17]} O-O {[%emt 0:02:59]} 10. O-O {[%emt 0:00:06]} Qe7 {[%emt 0:05:15]} 11. Nc3 {[%emt 0:03:16]} Rd8 {[%emt 0:00:54]} 12. Qc2 {[%emt 0:00:46]} h6 {[%emt 0:00:17]} 13. b3 {[%emt 0:07:37]} e5 {[%emt 0:05:09]} 14. e3 {[%emt 0:08:43]} Nf8 {[%emt 0:09:54]} 15. Bb2 {[%emt 0:02:17]} Ng6 {[%emt 0:00:11]} 16. Rfd1 {[%emt 0:09:10]} Bg4 {[%emt 0:03:12]} 17. h3 {[%emt 0:00:17]} Be6 {[%emt 0:07:11]} 18. Nd2 {[%emt 0:09:51]} Rac8 {[%emt 0:05:15]} 19. Nde4 {[%emt 0:01:03]} Nxe4 {[%emt 0:02:53]} 20. Qxe4 {[%emt 0:00:40]} b6 {[%emt 0:00:23]} 21. Rac1 {[%emt 0:10:46]} f5 {[%emt 0:01:22]} 22. Qb1 {[%emt 0:00:33]} Qf7 {[%emt 0:02:18]} 23. Na4 {[%emt 0:03:17]} Bf8 {[%emt 0:01:12]} 24. Rxd8 {[%emt 0:01:14]} Rxd8 {[%emt 0:00:04]} 25. Qa1 {[%emt 0:00:58]} f4 {[%emt 0:10:27]} 26. Kh2 {[%emt 0:06:17]} Rd2 {[%emt 0:02:20]} 27. Rf1 {[%emt 0:02:48]} f3 {[%emt 0:01:33]} 28. Bh1 {[%emt 0:00:08]} Qf5 {[%emt 0:16:03]} 29. g4 {[%emt 0:00:27]} Qc2 {[%emt 0:00:12]} 30. Kg1 {[%emt 0:02:33]} b5 {[%emt 0:03:09]} 31. Rc1 {[%emt 0:00:12]} Qd3 {[%emt 0:00:04]} 32. Bc3 {[%emt 0:02:00]} Rc2 {[%emt 0:01:33]} 33. Rxc2 {[%emt 0:01:27]} Qxc2 {[%emt 0:00:04]} 34. Bxf3 {[%emt 0:00:04]} bxa4 {[%emt 0:00:18]} 35. Bxe5 {[%emt 0:00:12]} axb3 {[%emt 0:02:13]} 36. axb3 {[%emt 0:00:02]} Nxe5 {[%emt 0:00:11]} 37. Qxe5 {[%emt 0:00:03]} Qxb3 {[%emt 0:00:06]} 0-1

[Event "Panevezys Elite Open 2019"]
[Site "Panevezys"]
[Date "2019.06.28"]
[Round "7.8"]
[White "Kaunas, Kestutis"]
[Black "Semjonovs, Ilja"]
[Result "1/2-1/2"]
[WhiteElo "2151"]
[BlackElo "2383"]
[Annotator "TA"]
[PlyCount "88"]
[EventDate "2019.06.24"]
[EventType "swiss"]
[EventCountry "LTU"]
[SourceTitle "playchess.com"]
[Source "ChessBase"]
[SourceQuality "1"]

{[%evp 17,88,50,50,37,60,37,76,38,58,27,54,0,114,67,100,39,47,42,64,43,40,27,28,26,33,33,30,0,0,0,0,0,6,5,46,47,33,0,0,0,0,0,0,0,12,-9,-9,-9,-9,-12,-8,-20,-22,-22,0,-64,-8,-22,-22,-22,-22,-30,-28,-30,-24,-30,0,0,0,0,0,0,0]} 1. d4 Nf6 2. c4 g6 3. Nc3 d5 4. cxd5 Nxd5 5. e4 Nxc3 6. bxc3 Bg7 7. Nf3 c5 8. Bb5+ Nd7 9. O-O O-O 10. Qe2 {D85: Exchange Grünfeld: Unusual White 7th moves and lines with 7 Nf3} (10. Rb1 Qc7 11. Bg5 a6 12. Bxd7 Qxd7 13. Rb6 Rd8 14. Qb1 a5 15. d5 c4 16. Nd4 Qc7 17. Bh4 Rd6 {½-½ (61) Dubov,D (2703)-Timofeev,A (2589) St Petersburg 2018}) 10... Qc7 11. Bg5 Nf6 12. Rac1 {White is better.} h6 $146 ({Predecessor:} 12... a6 13. Bd3 Rd8 14. h3 Be6 15. d5 Bd7 16. c4 h6 17. Bh4 Re8 18. e5 Nh5 19. Qe3 {½-½ (19) Moutaqi,S (2069)-Pliev,V (2011) Bayerisch Eisenstein 2014}) 13. Bh4 Nh5 14. Qe3 ({Better is} 14. e5 $1 $14) 14... Nf6 (14... g5 $11 {remains equal.} 15. Bg3 Nxg3 16. hxg3 (16. fxg3 g4 $11) 16... Be6) 15. d5 Ng4 {[#]} 16. Qe2 ({White should try} 16. Qd2 $1 $16) 16... Ne5 $14 17. Nxe5 Bxe5 18. Bg3 Bxg3 19. hxg3 e6 20. Bc4 exd5 21. Bxd5 Bd7 22. e5 Rfe8 23. Rfe1 Rad8 24. c4 Be6 25. Rcd1 a6 26. Qe3 Kg7 27. f4 b5 28. Bxe6 Rxd1 29. Rxd1 Rxe6 $11 {[%mdl 4096] Endgame KQR-KQR} 30. Qd3 Qa5 31. Qd8 Qxd8 (31... Qxa2 32. Qc8 $14) 32. Rxd8 {KR-KR} Rc6 33. Kf2 bxc4 34. Ke3 Rb6 35. g4 Rb2 36. Rc8 (36. f5 $11 gxf5 37. gxf5) 36... Rxa2 (36... Rxg2 $15 37. f5 gxf5 38. gxf5 c3 39. Rxc5 c2) 37. Rxc5 Rxg2 {[#] Strongly threatening ...Rg3+.} 38. Kf3 $1 {[%cal Rf3g2]} Rc2 39. f5 gxf5 40. gxf5 Rc1 {...c3 is the strong threat.} 41. Rc7 Kf8 (41... c3 $5 {[%cal Rc3c2]} 42. e6 c2 $15) 42. f6 {[%cal Rc7c8] The position is equal.} Kg8 43. Kf2 {And now Rc8+ would win.} Rc2+ $1 44. Ke3 {Hoping for Rc8+.} Rc1 {Accuracy: White = 48%, Black = 57%.} 1/2-1/2

[Event "Panevezys Elite Open 2019"]
[Site "Panevezys"]
[Date "2019.06.28"]
[Round "7.9"]
[White "Sliwicka, Alicja"]
[Black "Juknis, Paulius"]
[Result "1/2-1/2"]
[WhiteElo "2261"]
[BlackElo "2169"]
[Annotator "NA"]
[PlyCount "71"]
[EventDate "2019.06.24"]
[EventType "swiss"]
[EventCountry "LTU"]
[SourceTitle "playchess.com"]
[Source "ChessBase"]
[SourceQuality "1"]
[TimeControl "40/5400+30:1800+30"]

1. e4 {[%emt 0:00:00]} e6 {[%emt 0:00:00]} 2. d4 {[%emt 0:00:00]} d5 {[%emt 0:00:00]} 3. Nc3 {[%emt 0:00:00]} Nf6 {[%emt 0:00:16]} 4. Bg5 {[%emt 0:00:00]} Be7 {[%emt 0:00:23]} 5. e5 {[%emt 0:00:09]} Nfd7 {[%emt 0:00:08]} 6. h4 {[%emt 0:00:09]} Nc6 {[%emt 0:00:12]} 7. Bxe7 {[%emt 0:03:57]} Qxe7 {[%emt 0:00:08]} 8. Qd2 {[%emt 0:03:10]} Nb6 {[%emt 0:00:15]} 9. f4 {[%emt 0:06:41]} Bd7 {[%emt 0:00:38]} 10. Nf3 {[%emt 0:00:55]} O-O-O {[%emt 0:03:20]} 11. h5 {[%emt 0:03:56]} h6 {[%emt 0:00:13]} 12. O-O-O {[%emt 0:00:48]} f6 {[%emt 0:00:56]} 13. Nh4 {[%emt 0:09:09]} Be8 {[%emt 0:00:56]} 14. g4 {[%emt 0:01:26]} fxe5 {[%emt 0:06:01]} 15. fxe5 {[%emt 0:04:53]} Kb8 {[%emt 0:07:30]} 16. a3 {[%emt 0:08:48]} a6 {[%emt 0:03:09]} 17. Kb1 {[%emt 0:00:25]} Rf8 {[%emt 0:07:45]} 18. Be2 {[%emt 0:07:21]} Nc4 {[%emt 0:12:52]} 19. Bxc4 {[%emt 0:03:51]} dxc4 {[%emt 0:00:05]} 20. Qe3 {[%emt 0:17:45]} Qg5 {[%emt 0:03:21]} 21. Qxg5 {[%emt 0:00:48]} hxg5 {[%emt 0:00:02]} 22. Ng2 {[%emt 0:00:51]} Rxd4 {[%emt 0:07:51]} 23. Rxd4 {[%emt 0:00:48]} Nxd4 {[%emt 0:00:03]} 24. Rd1 {[%emt 0:00:16]} Bc6 {[%emt 0:06:17]} 25. Rxd4 {[%emt 0:03:22]} Bxg2 {[%emt 0:00:11]} 26. Rd7 {[%emt 0:01:31]} Rf1+ {[%emt 0:24:08]} 27. Ka2 {[%emt 0:00:11]} Bh3 {[%emt 0:00:40]} 28. Rxg7 {[%emt 0:02:05]} Bxg4 {[%emt 0:00:09]} 29. h6 {[%emt 0:01:46]} Rh1 {[%emt 0:00:16]} 30. h7 {[%emt 0:00:38]} Ka7 {[%emt 0:00:09]} 31. Ne4 {[%emt 0:01:36]} Rh2 {[%emt 0:03:50]} 32. Rxc7 {[%emt 0:08:00]} Bf5 {[%emt 0:01:09]} 33. Nxg5 {[%emt 0:02:25]} Bxc2 {[%emt 0:00:15]} 34. Rxc4 {[%emt 0:00:21]} Bxh7 {[%emt 0:00:19]} 35. Nxh7 {[%emt 0:02:12]} Rxh7 {[%emt 0:00:07]} 36. Kb3 {[%emt 0:02:29]} 1/2-1/2

[Event "Panevezys Elite Open 2019"]
[Site "Panevezys"]
[Date "2019.06.28"]
[Round "7.10"]
[White "Zhukov, Anton"]
[Black "Harshita Guddanti"]
[Result "1-0"]
[WhiteElo "2178"]
[BlackElo "2072"]
[Annotator "NA"]
[PlyCount "75"]
[EventDate "2019.06.24"]
[EventType "swiss"]
[EventCountry "LTU"]
[SourceTitle "playchess.com"]
[Source "ChessBase"]
[SourceQuality "1"]
[TimeControl "40/5400+30:1800+30"]

1. d4 {[%emt 0:00:00]} Nf6 {[%emt 0:00:07]} 2. c4 {[%emt 0:00:00]} c5 {[%emt 0:00:48]} 3. d5 {[%emt 0:00:00]} b5 {[%emt 0:00:09]} 4. Qc2 {[%emt 0:00:38]} bxc4 {[%emt 0:00:30]} 5. e4 {[%emt 0:00:23]} e6 {[%emt 0:01:09]} 6. Nc3 {[%emt 0:00:27]} exd5 {[%emt 0:02:56]} 7. e5 {[%emt 0:00:20]} Bb7 {[%emt 0:19:43]} 8. exf6 {[%emt 0:09:48]} Qxf6 {[%emt 0:00:20]} 9. Nf3 {[%emt 0:02:38]} h6 {[%emt 0:15:25]} 10. Qd1 {[%emt 0:06:27]} Qe6+ {[%emt 0:09:30]} 11. Qe2 {[%emt 0:03:14]} g5 {[%emt 0:01:25]} 12. Bd2 {[%emt 0:12:45]} Na6 {[%emt 0:06:32]} 13. a3 {[%emt 0:15:54]} Bg7 {[%emt 0:04:45]} 14. O-O-O {[%emt 0:02:55]} O-O {[%emt 0:02:40]} 15. Re1 {[%emt 0:06:34]} Qb6 {[%emt 0:11:29]} 16. h4 {[%emt 0:01:45]} f6 {[%emt 0:02:40]} 17. hxg5 {[%emt 0:03:19]} fxg5 {[%emt 0:00:07]} 18. Qd1 {[%emt 0:04:45]} Nc7 {[%emt 0:03:09]} 19. Qc2 {[%emt 0:08:26]} Ne6 {[%emt 0:00:46]} 20. Na4 {[%emt 0:08:21]} Qd6 {[%emt 0:02:05]} 21. Bc3 {[%emt 0:01:20]} Nd4 {[%emt 0:03:08]} 22. Nxd4 {[%emt 0:00:30]} cxd4 {[%emt 0:01:06]} 23. Bb4 {[%emt 0:00:05]} Qf4+ {[%emt 0:00:06]} 24. Kb1 {[%emt 0:00:20]} d3 {[%emt 0:04:50]} 25. Qd1 {[%emt 0:02:12]} d6 {[%emt 0:02:47]} 26. Re6 {[%emt 0:01:06]} Rad8 {[%emt 0:01:07]} 27. f3 {[%emt 0:00:49]} d4 {[%emt 0:02:33]} 28. b3 {[%emt 0:02:24]} Bd5 {[%emt 0:00:33]} 29. Re7 {[%emt 0:00:26]} a5 {[%emt 0:00:43]} 30. Bxa5 {[%emt 0:01:47]} Rb8 {[%emt 0:01:00]} 31. Bb4 {[%emt 0:00:16]} Bc6 {[%emt 0:00:35]} 32. Nb2 {[%emt 0:00:34]} Qf6 {[%emt 0:00:22]} 33. Rxg7+ {[%emt 0:00:48]} Kxg7 {[%emt 0:00:32]} 34. Nxc4 {[%emt 0:00:07]} Rfd8 {[%emt 0:00:20]} 35. Bxd3 {[%emt 0:00:23]} d5 {[%emt 0:00:08]} 36. Nb2 {[%emt 0:00:40]} Re8 {[%emt 0:00:19]} 37. Bc2 {[%emt 0:00:30]} Rb5 {[%emt 0:00:58]} 38. Qd3 {[%emt 0:00:12]} 1-0